000 00707nam a22002537a 4500
003 UA-OsUOA
001 55168
007 ta
008 20080813b un ||||| |||| 00| 0 ukr d
100 _aПостоловський Р.
700 _aТроян С.
700 _aФедорак В.
090 _a94(18/19)
_bП61
942 _cBK
040 _aUA-OsUOA
_bukr
_cUA-OsUOA
_dUA-OsUOA
245 _aСвіт на зламі епох: історія кінця ХІХ - середини ХХ ст.
300 _a240 с.
955 _a2
041 _aukr
080 _a94(18/19)
260 _aК.
_c2000
650 7 _a9 Географія. Біографії. Історія
_2UDC
999 _c341216
_d341216